| 000 | 01079nac a22003011u 4500 | ||
|---|---|---|---|
| 999 |
_c281 _d281 |
||
| 003 | EG-ScBUE | ||
| 005 | 20210315095146.0 | ||
| 008 | 080803s2002 le f 000 1 eng d | ||
| 020 | _a9953104603 | ||
| 020 | _a9789953104607 | ||
| 040 |
_aEG-ScBUE _beng _erda _cEG-ScBUE _dEG-ScBUE |
||
| 082 | 0 | 4 |
_a813.52 _bFIT _222 |
| 100 | 1 |
_aFitzgerald, F. Scott _q(Francis Scott), _d1896-1940, _eauthor. _918963 |
|
| 245 | 1 | 4 |
_aThe great gatsby : _bwith an introduction and a glossary / _cF. Scott Fitzgerald. |
| 264 | 1 |
_aBeirut : _bYork Press, _c2002. |
|
| 300 |
_axiv, 125 pages : _c24 cm. |
||
| 336 |
_2rdacontent _atext _btxt |
||
| 337 |
_2rdamedia _aunmediated _bn |
||
| 338 |
_2rdacarrier _avolume _bnc |
||
| 490 | 0 | _aYork classics | |
| 650 | 7 |
_aGatsby, Jay _x(Fictitious character) _vFiction. _2BUEsh _918965 |
|
| 650 | 7 |
_aBuchanan, Daisy _x(Fictitious character) _vFiction. _2BUEsh |
|
| 650 | 7 |
_aMan-woman relationships _zNew York (State) _zLong Island _vFiction. _2BUEsh |
|
| 651 | _2BUEsh | ||
| 653 |
_bHHUUEENN _cMarch2021 |
||
| 655 |
_vReading book _934232 |
||
| 942 |
_cBB _k823FIT _2ddc |
||